Lenin o správě socialistického státu :

Hlavní autor: Lenin, Vladimir Il‘jič, 1870-1924
Další autoři: Balík, Hubert
Jazyk: Čeština
Vydáno: Praha : Vysoká škola politicka ÚV KSČ, 1971
Fyzický popis: 233 s.
Knihy
Uloženo v:
LEADER 00806nam a22002292a 4500
001 000946928
003 CZ BrMZK
005 20090818104237.0
007 ta
008 090616s1971 xr er|||||||||||cze d
015 |a cnb000432365 
035 |a (OCoLC)42155790 
040 |a BOA001  |b cze 
100 1 |a Lenin, Vladimir Il‘jič,  |d 1870-1924  |7 jn19981001737  |4 aut 
245 1 0 |a Lenin o správě socialistického státu :  |c Vladimír Il'jič Lenin ; sborník prací připravil a úvodními texty opatřil Hubert Balík 
260 |a Praha :  |b Vysoká škola politicka ÚV KSČ,  |c 1971 
300 |a 233 s. 
700 1 |a Balík, Hubert  |7 jk01010688  |4 com 
910 |a BOA001  |b 1-0667.547 
990 |a BK 
991 |b 200906 
996 6 |b 2619512647  |c 1-0667.547  |l MZK  |r Sklad / do 1 hodiny  |n 0  |w 000946928  |u 000010  |a 1  |e BOA001  |j MZK50  |s P